| 000 | 00569cab a2200193 4500 | ||
|---|---|---|---|
| 001 | WB2605-04 | ||
| 008 | 090401t1990 xxu||||| |||| 00| 0 eng d | ||
| 035 | _a(Sirsi) u66004 | ||
| 041 | _aeng | ||
| 245 | _aPublic problems of private building inspection | ||
| 260 | _c1990 | ||
| 350 | _a0 | ||
| 490 |
_aBuilding _vvol 255 no 7633 2/2/90 p38 |
||
| 520 | _aExamines the role of NHBC building inspectors taking the work at Foxley Wood , Hart as an example. | ||
| 650 |
_aBUILDING CONTROL _96222 |
||
| 690 | _aBUILT ENVIRONMENT | ||
| 942 | _n0 | ||
| 948 | _c04/03/1997 | ||
| 999 |
_c41242 _d41242 |
||